[Event "City of Dublin Masters 2013"]
[Site "Dublin IRL"]
[Date "2013.09.15"]
[Round "4"]
[White "Delaney, Killian"]
[Black "Jackson, Carl"]
[Result "1/2-1/2"]
[WhiteElo "2117"]
[BlackElo "1905"]
[WhiteICU "2070"]
[BlackICU "1801"]
[WhiteClub "Rathmines"]
[BlackClub "Gonzaga"]
[WhiteNationality "IRL"]
[BlackNationality "IRL"]
[WhiteFideId "2501570"]
[BlackFideId "2502585"]
[WhiteICUId "5104"]
[BlackICUId "4618"]
[PlyCount "67"]
[EventDate "2013.09.13"]
[Source "ICU web site"]
[URL "http://www.irlchess.com/cityofdublin2013_allfiles/games_cityofdublin2013/g42.htm"]

{ Event information: <a
href="http://www.irlchess.com/cityofdublin2013_allfiles/pairings_cityofdublin2013.html">Tournament
report</a>. }

1. e4 c5 2. c3 d5 3. exd5 Qxd5 4. d4 Nc6 5. Nf3 Bf5 6. Be3 O-O-O 7. Be2 e5
8. c4 Qd7 9. d5 Qe8 10. Nc3 Nf6 11. Qa4 Nd4 12. Qxa7 Nc2+ 13. Kd2 Nxa1 14.
Rxa1 Ne4+ 15. Nxe4 Bxe4 16. b4 cxb4 17. Bb6 Bd6 18. Bxd8 Qxd8 19. Rc1 f5
20. Ke1 Re8 21. c5 Bb8 22. Qa4 Bxd5 23. c6 Re6 24. Bb5 Bxc6 25. Bxc6 Rxc6
26. Rxc6+ bxc6 27. Qxc6+ Qc7 28. Qe6+ Kb7 29. Qxf5 Qc3+ 30. Ke2 Qc4+ 31.
Ke1 Qc1+ 32. Ke2 Qc4+ 33. Ke1 Qc1+ 34. Ke2 1/2-1/2

[Event "City of Dublin Masters 2013"]
[Site "Dublin IRL"]
[Date "2013.09.15"]
[Round "4"]
[White "Fitzsimons, David"]
[Black "Walsh, Paul"]
[Result "1-0"]
[WhiteTitle "FM"]
[WhiteElo "2341"]
[BlackElo "2127"]
[WhiteICU "2312"]
[BlackICU "2044"]
[WhiteClub "Elm Mount"]
[BlackClub "Sarsfield"]
[WhiteNationality "IRL"]
[BlackNationality "IRL"]
[WhiteFideId "2501961"]
[BlackFideId "2501260"]
[WhiteICUId "6236"]
[BlackICUId "3820"]
[PlyCount "87"]
[EventDate "2013.09.13"]
[Source "ICU web site"]
[URL "http://www.irlchess.com/cityofdublin2013_allfiles/games_cityofdublin2013/g37.htm"]

{ Event information: <a
href="http://www.irlchess.com/cityofdublin2013_allfiles/pairings_cityofdublin2013.html">Tournament
report</a>. }

1. e4 e5 2. Nf3 Nc6 3. Bc4 Bc5 4. c3 Nf6 5. d3 d6 6. Bb3 Qe7 7. Nbd2 Be6 8.
Bc2 d5 9. O-O O-O 10. h3 dxe4 11. dxe4 Nd7 12. Qe2 a5 13. Nc4 f6 14. Ne3
Bxe3 15. Bxe3 Qf7 16. Rfd1 Rfb8 17. a4 Nf8 18. Nd2 Ng6 19. Qb5 Nge7 20. Bb3
b6 21. Kf1 Rd8 22. Bxe6 Qxe6 23. Nc4 Rd7 24. Qb3 Rad8 25. Rxd7 Rxd7 26.
Nxa5 Kf7 27. Qxe6+ Kxe6 28. Nxc6 Nxc6 29. Ke2 Rd8 30. b4 Nb8 31. b5 Nd7 32.
c4 Rc8 33. Kd3 c6 34. Kc3 Kd6 35. Rd1+ Kc7 36. Rxd7+ Kxd7 37. Bxb6 cxb5 38.
axb5 g6 39. c5 f5 40. Kc4 Ke6 41. c6 fxe4 42. Be3 Kd6 43. Bc5+ Ke6 44. b6
1-0

[Event "City of Dublin Masters 2013"]
[Site "Dublin IRL"]
[Date "2013.09.15"]
[Round "4"]
[White "Harding, Tim"]
[Black "Boyle, Bernard"]
[Result "1-0"]
[WhiteElo "2118"]
[BlackElo "1909"]
[WhiteICU "1970"]
[BlackICU "1795"]
[WhiteClub "T.C.D."]
[BlackClub "Elm Mount"]
[WhiteNationality "IRL"]
[BlackNationality "IRL"]
[WhiteFideId "2500256"]
[BlackFideId "2501830"]
[WhiteICUId "541"]
[BlackICUId "3172"]
[PlyCount "127"]
[EventDate "2013.09.13"]
[Source "ICU web site"]
[URL "http://www.irlchess.com/cityofdublin2013_allfiles/games_cityofdublin2013/g43.htm"]

{ Event information: <a
href="http://www.irlchess.com/cityofdublin2013_allfiles/pairings_cityofdublin2013.html">Tournament
report</a>. }

1. d4 e6 2. e4 d5 3. e5 c5 4. Nf3 Nc6 5. dxc5 Bxc5 6. Bd3 f6 7. Qe2 fxe5 8.
Nxe5 Nf6 9. O-O Nxe5 10. Qxe5 O-O 11. Be3 Bd6 12. Qg5 e5 13. Bf5 h6 14. Qg6
Bxf5 15. Qxf5 d4 16. Bc1 Qc8 17. Qd3 Nd5 18. Qb3 Qe6 19. Nd2 Nf4 20. Qxe6+
Nxe6 21. Ne4 Be7 22. Bd2 Rac8 23. Rac1 Nc5 24. Bb4 b6 25. Bxc5 bxc5 26. b3
c4 27. Rfd1 Ba3 28. Rb1 c3 29. Rd3 a5 30. g3 Rb8 31. Kg2 a4 32. f3 axb3 33.
axb3 Rf7 34. Kf2 Rfb7 35. Ke2 Rxb3 36. Rxb3 Rxb3 37. cxb3 c2 38. Rd1
cxd1=Q+ 39. Kxd1 Kf7 40. Kc2 Ke6 41. Kd3 g5 42. g4 Bb4 43. Kc4 Be7 44. b4
Kd7 45. b5 Kc7 46. Kd5 Kb6 47. Kxe5 d3 48. Kd4 Kxb5 49. Kxd3 Kc6 50. Kd4
Bd6 51. Ng3 Bxg3 52. hxg3 Kd6 53. Ke4 Ke6 54. f4 gxf4 55. gxf4 Kf6 56. Kd4
Ke6 57. Ke4 Kf6 58. Kd5 Kf7 59. Ke5 Ke7 60. f5 Kf7 61. f6 Kf8 62. Ke6 Ke8
63. f7+ Kf8 64. Kf6 1-0

[Event "City of Dublin Masters 2013"]
[Site "Dublin IRL"]
[Date "2013.09.15"]
[Round "4"]
[White "Hayes, Peter J."]
[Black "Freeman, Gordon"]
[Result "1/2-1/2"]
[WhiteElo "2022"]
[BlackElo "2045"]
[WhiteICU "1932"]
[BlackICU "2023"]
[WhiteClub "Gonzaga"]
[BlackClub "Gonzaga"]
[WhiteNationality "IRL"]
[BlackNationality "IRL"]
[WhiteFideId "2502569"]
[BlackFideId "2501309"]
[WhiteICUId "4540"]
[BlackICUId "4153"]
[PlyCount "95"]
[EventDate "2013.09.13"]
[Source "ICU web site"]
[URL "http://www.irlchess.com/cityofdublin2013_allfiles/games_cityofdublin2013/g41.htm"]

{ Event information: <a
href="http://www.irlchess.com/cityofdublin2013_allfiles/pairings_cityofdublin2013.html">Tournament
report</a>. }

1. d4 Nf6 2. c4 c6 3. Nf3 d5 4. e3 Bg4 5. Qb3 Qb6 6. Nc3 e6 7. Ne5 Bf5 8.
Bd3 Bxd3 9. Nxd3 Nbd7 10. c5 Qc7 11. O-O Be7 12. e4 Nxe4 13. Bf4 Qc8 14.
Nxe4 dxe4 15. Ne5 Nxe5 16. Bxe5 O-O 17. Rae1 f5 18. f3 exf3 19. Rxf3 Qd7
20. Bd6 Bxd6 21. Rxe6 Bxh2+ 22. Kxh2 Kh8 23. Rd6 Qf7 24. d5 cxd5 25. Qxd5
f4 26. Kh3 h6 27. Qxf7 Rxf7 28. Kg4 Raf8 29. b4 Rf5 30. Rd7 h5+ 31. Kh4 Rg8
32. g4 g5+ 33. Kxh5 Re5 34. Rh3 Rg7 35. Rxg7 Kxg7 36. Rd3 Kf6 37. Rd6+ Re6
38. Rd5 Re4 39. Rf5+ Ke6 40. Kxg5 Rxb4 41. Rxf4 Rb5 42. Rf6+ Ke7 43. Rf5
Rb2 44. Re5+ Kf7 45. Rd5 Ke7 46. Re5+ Kf7 47. Rd5 Ke7 48. Re5+ 1/2-1/2

[Event "City of Dublin Masters 2013"]
[Site "Dublin IRL"]
[Date "2013.09.15"]
[Round "4"]
[White "O'Donnell, Conor"]
[Black "Kalinins, Valentine"]
[Result "0-1"]
[WhiteElo "2119"]
[BlackElo "2196"]
[WhiteICU "2123"]
[BlackICU "2207"]
[WhiteClub "Gonzaga"]
[BlackClub "Celbridge"]
[WhiteNationality "IRL"]
[BlackNationality "IRL"]
[WhiteFideId "2504243"]
[BlackFideId "2505894"]
[WhiteICUId "10792"]
[BlackICUId "12860"]
[PlyCount "90"]
[EventDate "2013.09.13"]
[Source "ICU web site"]
[URL "http://www.irlchess.com/cityofdublin2013_allfiles/games_cityofdublin2013/g39.htm"]

{ Event information: <a
href="http://www.irlchess.com/cityofdublin2013_allfiles/pairings_cityofdublin2013.html">Tournament
report</a>. }

1. e4 d5 2. exd5 Qxd5 3. Nf3 Bg4 4. Be2 Nc6 5. d4 O-O-O 6. Be3 Bxf3 7. Bxf3
Qb5 8. Nc3 Qxb2 9. Na4 Qb5 10. c3 e5 11. Rb1 Qc4 12. Be2 Qxa2 13. O-O Nf6
14. Rb2 Qe6 15. Qb1 exd4 16. cxd4 Nd5 17. Bd3 Nxe3 18. fxe3 Qxe3+ 19. Kh1
Nb4 20. Bf5+ Kb8 21. Nc5 Bxc5 22. dxc5 a5 23. c6 Rd2 24. cxb7 Rxb2 25. Qxb2
f6 26. Qa1 Qe5 27. Be4 Qxa1 28. Rxa1 Re8 29. Bxh7 Re5 30. Kg1 Kxb7 31. Kf2
Kc6 32. Rc1+ Kb6 33. g4 c5 34. h4 Kb5 35. Rd1 a4 36. Rd7 a3 37. Bg8 c4 38.
Rb7+ Kc5 39. Rc7+ Nc6 40. Bxc4 Kxc4 41. Rxc6+ Kb3 42. Rb6+ Ka4 43. Rd6 a2
44. Rd1 Kb3 45. h5 Ra5 0-1

[Event "City of Dublin Masters 2013"]
[Site "Dublin IRL"]
[Date "2013.09.15"]
[Round "5"]
[White "Bourached, Anthony"]
[Black "Annesley, Gareth"]
[Result "1-0"]
[WhiteElo "1933"]
[BlackElo "1925"]
[WhiteICU "1998"]
[WhiteClub "T.C.D."]
[BlackClub "Mallusk"]
[WhiteNationality "IRL"]
[BlackNationality "IRL"]
[WhiteFideId "2504456"]
[BlackFideId "2505762"]
[WhiteICUId "12061"]
[BlackICUId "19"]
[PlyCount "68"]
[EventDate "2013.09.13"]
[Source "ICU web site"]
[URL "http://www.irlchess.com/cityofdublin2013_allfiles/games_cityofdublin2013/g55.htm"]

{ Event information: <a
href="http://www.irlchess.com/cityofdublin2013_allfiles/pairings_cityofdublin2013.html">Tournament
report</a>. }

1. d4 d5 2. c4 c6 3. Nf3 Nf6 4. e3 e6 5. b3 Bd6 6. Bd3 O-O 7. O-O Nbd7 8.
Bb2 Re8 9. Ne5 Nf8 10. f4 Ng6 11. Nd2 c5 12. Qc2 b6 13. h3 Bb7 14. g4 cxd4
15. exd4 Rc8 16. Rae1 dxc4 17. bxc4 Nd5 18. f5 Nxe5 19. fxe6 Qh4 20. Ne4
Nf3+ 21. Rxf3 Qxe1+ 22. Rf1 Qxf1+ 23. Bxf1 Ne3 24. Qf2 Rxe6 25. Nxd6 Rxd6
26. Qxe3 Re6 27. Qc3 f6 28. g5 Rce8 29. Bc1 fxg5 30. d5 Rf6 31. Bxg5 Rf5
32. h4 Ref8 33. Bh3 Rf3 34. Be6+ Kh8 1-0

[Event "City of Dublin Masters 2013"]
[Site "Dublin IRL"]
[Date "2013.09.15"]
[Round "5"]
[White "Boyle, Bernard"]
[Black "Delaney, Killian"]
[Result "0-1"]
[WhiteElo "1909"]
[BlackElo "2117"]
[WhiteICU "1795"]
[BlackICU "2070"]
[WhiteClub "Elm Mount"]
[BlackClub "Rathmines"]
[WhiteNationality "IRL"]
[BlackNationality "IRL"]
[WhiteFideId "2501830"]
[BlackFideId "2501570"]
[WhiteICUId "3172"]
[BlackICUId "5104"]
[PlyCount "42"]
[EventDate "2013.09.13"]
[Source "ICU web site"]
[URL "http://www.irlchess.com/cityofdublin2013_allfiles/games_cityofdublin2013/g54.htm"]

{ Event information: <a
href="http://www.irlchess.com/cityofdublin2013_allfiles/pairings_cityofdublin2013.html">Tournament
report</a>. }

1. d4 c5 2. c3 cxd4 3. cxd4 d5 4. Nc3 e5 5. dxe5 d4 6. Qa4+ Nc6 7. Ne4 Qd5
8. Nd6+ Bxd6 9. exd6 Nf6 10. Nf3 Bg4 11. Bf4 O-O 12. h3 Bxf3 13. gxf3 Rfe8
14. Qb3 Qf5 15. Bd2 d3 16. e3 Nd4 17. Qxd3 Nxf3+ 18. Kd1 Ne4 19. Be1 Rad8
20. Ke2 Rxd6 21. Qa3 Nxe1 0-1

[Event "City of Dublin Masters 2013"]
[Site "Dublin IRL"]
[Date "2013.09.15"]
[Round "5"]
[White "Firstov, Juri"]
[Black "Fitzsimons, David"]
[Result "1-0"]
[BlackTitle "FM"]
[WhiteElo "2277"]
[BlackElo "2341"]
[WhiteICU "2259"]
[BlackICU "2312"]
[WhiteClub "Phibsboro"]
[BlackClub "Elm Mount"]
[WhiteNationality "EST"]
[BlackNationality "IRL"]
[WhiteFideId "4501233"]
[BlackFideId "2501961"]
[WhiteICUId "9603"]
[BlackICUId "6236"]
[PlyCount "73"]
[EventDate "2013.09.13"]
[Source "ICU web site"]
[URL "http://www.irlchess.com/cityofdublin2013_allfiles/games_cityofdublin2013/g47.htm"]

{ Event information: <a
href="http://www.irlchess.com/cityofdublin2013_allfiles/pairings_cityofdublin2013.html">Tournament
report</a>. }

1. d4 Nf6 2. Bg5 Ne4 3. Bf4 d5 4. e3 c5 5. Bd3 cxd4 6. exd4 Nc6 7. Nf3 Bg4
8. c3 e6 9. Nbd2 Nxd2 10. Bxd2 Bd6 11. h3 Bh5 12. O-O Qc7 13. Re1 O-O-O 14.
b4 Kb8 15. Be2 f6 16. a4 g5 17. a5 Rdg8 18. a6 b6 19. Bb5 Nd8 20. c4 g4 21.
Nh4 Qf7 22. cxd5 gxh3 23. Be2 Bxe2 24. Qxe2 exd5 25. Qf3 Nc6 26. Qxh3 Nxd4
27. Rad1 Re8 28. Qd3 Nc6 29. Nf5 Bc7 30. Qb5 Ne5 31. Nd4 Ng4 32. f4 Bd6 33.
Rxe8+ Rxe8 34. Qc6 Rd8 35. Ne6 Rd7 36. Rc1 Bc7 37. Qb7# 1-0

[Event "City of Dublin Masters 2013"]
[Site "Dublin IRL"]
[Date "2013.09.15"]
[Round "5"]
[White "Freeman, Gordon"]
[Black "O'Donnell, Conor"]
[Result "1-0"]
[WhiteElo "2045"]
[BlackElo "2119"]
[WhiteICU "2023"]
[BlackICU "2123"]
[WhiteClub "Gonzaga"]
[BlackClub "Gonzaga"]
[WhiteNationality "IRL"]
[BlackNationality "IRL"]
[WhiteFideId "2501309"]
[BlackFideId "2504243"]
[WhiteICUId "4153"]
[BlackICUId "10792"]
[PlyCount "79"]
[EventDate "2013.09.13"]
[Source "ICU web site"]
[URL "http://www.irlchess.com/cityofdublin2013_allfiles/games_cityofdublin2013/g52.htm"]

{ Event information: <a
href="http://www.irlchess.com/cityofdublin2013_allfiles/pairings_cityofdublin2013.html">Tournament
report</a>. }

1. e4 Nf6 2. Nc3 e5 3. Nf3 Nc6 4. d4 exd4 5. Nxd4 Bb4 6. Nxc6 bxc6 7. Bd3
d5 8. exd5 O-O 9. O-O cxd5 10. Bg5 c6 11. Qf3 Bd6 12. Rfe1 Rb8 13. Na4 Be6
14. Rac1 c5 15. c4 d4 16. b3 h6 17. Bxf6 Qxf6 18. Qxf6 gxf6 19. Rc2 Rfe8
20. Rce2 Rb7 21. Nb2 Kg7 22. Be4 Rbe7 23. Bc6 Rd8 24. Bd5 Rde8 25. Bc6 Rd8
26. Bd5 f5 27. Bxe6 Rde8 28. Nd3 fxe6 29. f4 Kf6 30. g3 Rb7 31. Kf2 a5 32.
Kg2 Bf8 33. Re5 Rc7 34. h3 Bd6 35. R5e2 Ra7 36. g4 a4 37. gxf5 Kxf5 38.
Nxc5 Bxc5 39. Re5+ Kxf4 40. R1e4# 1-0

[Event "City of Dublin Masters 2013"]
[Site "Dublin IRL"]
[Date "2013.09.15"]
[Round "5"]
[White "Harding, Tim"]
[Black "Daly, Colm"]
[Result "0-1"]
[BlackTitle "FM"]
[WhiteElo "2118"]
[BlackElo "2341"]
[WhiteICU "1970"]
[BlackICU "2298"]
[WhiteClub "T.C.D."]
[BlackClub "Bray/Greystones"]
[WhiteNationality "IRL"]
[BlackNationality "IRL"]
[WhiteFideId "2500256"]
[BlackFideId "2500434"]
[WhiteICUId "541"]
[BlackICUId "295"]
[PlyCount "80"]
[EventDate "2013.09.13"]
[Source "ICU web site"]
[URL "http://www.irlchess.com/cityofdublin2013_allfiles/games_cityofdublin2013/g53.htm"]

{ Event information: <a
href="http://www.irlchess.com/cityofdublin2013_allfiles/pairings_cityofdublin2013.html">Tournament
report</a>. }

1. e4 c5 2. Nf3 e6 3. d4 cxd4 4. Nxd4 Nc6 5. Nxc6 bxc6 6. Bd3 d5 7. Nd2 Nf6
8. O-O Be7 9. exd5 cxd5 10. b3 O-O 11. Bb2 a5 12. Nf3 Bb7 13. Qe2 a4 14.
Bb5 a3 15. Bd4 Ne4 16. Rac1 Bf6 17. Bd3 Bxd4 18. Nxd4 Qf6 19. Nb5 Nc3 20.
Nxc3 Qxc3 21. Rfe1 g6 22. h4 Rfe8 23. Qe5 Qxe5 24. Rxe5 f6 25. Re2 e5 26.
Bb5 Re7 27. c4 d4 28. c5 Rc7 29. Rec2 Be4 30. Re2 Bd5 31. b4 Kf7 32. Bd3
Rac8 33. h5 gxh5 34. Bxh7 Rb8 35. f4 Ke6 36. Bb1 Rxb4 37. fxe5 Rb2 38. Bc2
fxe5 39. Rce1 Rxc5 40. Rxe5+ Kd6 0-1

[Event "City of Dublin Masters 2013"]
[Site "Dublin IRL"]
[Date "2013.09.15"]
[Round "5"]
[White "Jackson, Carl"]
[Black "Delaney, John"]
[Result "0-1"]
[BlackTitle "FM"]
[WhiteElo "1905"]
[BlackElo "2248"]
[WhiteICU "1801"]
[BlackICU "2201"]
[WhiteClub "Gonzaga"]
[BlackClub "Blanchardstown Jrs."]
[WhiteNationality "IRL"]
[BlackNationality "IRL"]
[WhiteFideId "2502585"]
[BlackFideId "2500060"]
[WhiteICUId "4618"]
[BlackICUId "318"]
[PlyCount "46"]
[EventDate "2013.09.13"]
[Source "ICU web site"]
[URL "http://www.irlchess.com/cityofdublin2013_allfiles/games_cityofdublin2013/g50.htm"]

{ Event information: <a
href="http://www.irlchess.com/cityofdublin2013_allfiles/pairings_cityofdublin2013.html">Tournament
report</a>. }

1. e4 e6 2. Nf3 c5 3. e5 Nc6 4. Bb5 Nge7 5. a3 Qc7 6. Qe2 Ng6 7. Bxc6 Qxc6
8. h4 d6 9. O-O Nf4 10. Qe3 Nd5 11. Qg5 h6 12. Qg3 Bd7 13. b4 Ne7 14. bxc5
Nf5 15. Qf4 g5 16. hxg5 hxg5 17. Nxg5 dxe5 18. Qxe5 Bg7 19. Qf4 Bxa1 20. c3
Qxc5 21. Ne4 Qe7 22. a4 e5 23. Qf3 Qh4 0-1

[Event "City of Dublin Masters 2013"]
[Site "Dublin IRL"]
[Date "2013.09.15"]
[Round "5"]
[White "Kalinins, Valentine"]
[Black "De Dios Ortega, Juan Manuel"]
[Result "1/2-1/2"]
[WhiteElo "2196"]
[BlackElo "1906"]
[WhiteICU "2207"]
[WhiteClub "Celbridge"]
[WhiteNationality "IRL"]
[BlackNationality "ESP"]
[WhiteFideId "2505894"]
[BlackFideId "2287617"]
[WhiteICUId "12860"]
[PlyCount "35"]
[EventDate "2013.09.13"]
[Source "ICU web site"]
[URL "http://www.irlchess.com/cityofdublin2013_allfiles/games_cityofdublin2013/g49.htm"]

{ Event information: <a
href="http://www.irlchess.com/cityofdublin2013_allfiles/pairings_cityofdublin2013.html">Tournament
report</a>. }

1. e4 d6 2. d4 Nf6 3. Nc3 e5 4. dxe5 dxe5 5. Qxd8+ Kxd8 6. Bg5 Bd6 7. Bxf6+
gxf6 8. Nd5 f5 9. f3 fxe4 10. fxe4 Nc6 11. O-O-O Be6 12. Nf3 Rg8 13. Nf6
Rg7 14. Bb5 Rxg2 15. Bxc6 bxc6 16. Rhg1 Rxg1 17. Rxg1 Ke7 18. Nxh7 1/2-1/2

[Event "City of Dublin Masters 2013"]
[Site "Dublin IRL"]
[Date "2013.09.15"]
[Round "5"]
[White "Smith, Andrew Philip"]
[Black "Collins, Sam"]
[Result "0-1"]
[WhiteTitle "FM"]
[BlackTitle "IM"]
[WhiteElo "2111"]
[BlackElo "2475"]
[BlackICU "2430"]
[WhiteClub "Bourne End ENG"]
[BlackClub "Gonzaga"]
[WhiteNationality "IRL"]
[BlackNationality "IRL"]
[WhiteFideId "2500833"]
[BlackFideId "2501198"]
[BlackICUId "4564"]
[PlyCount "76"]
[EventDate "2013.09.13"]
[Source "ICU web site"]
[URL "http://www.irlchess.com/cityofdublin2013_allfiles/games_cityofdublin2013/g48.htm"]

{ Event information: <a
href="http://www.irlchess.com/cityofdublin2013_allfiles/pairings_cityofdublin2013.html">Tournament
report</a>. }

1. e4 d6 2. d4 Nf6 3. Nc3 e5 4. Nge2 Be7 5. Be3 c6 6. f3 h5 7. a4 a5 8. Qd2
Na6 9. Nc1 Nb4 10. dxe5 dxe5 11. Nd3 Qc7 12. Qf2 O-O 13. O-O-O b5 14. Nc5
Na6 15. h3 h4 16. Nxa6 Bxa6 17. Bc5 b4 18. Ne2 Bxc5 19. Qxc5 Rfd8 20. Rxd8+
Rxd8 21. Ng3 Qd7 22. Bxa6 Qd2+ 23. Kb1 hxg3 24. Rg1 Qd4 25. Qxd4 Rxd4 26.
Kc1 Kf8 27. Rd1 c5 28. Rxd4 cxd4 29. Bb5 Nh5 30. Kd2 Nf4 31. Bf1 Ke7 32. b3
Kd6 33. Kd1 Kc5 34. Kd2 d3 35. Bxd3 Nxg2 36. Bc4 Nf4 37. Ke1 f6 38. Kf1 Kd4
0-1

[Event "City of Dublin Masters 2013"]
[Site "Dublin IRL"]
[Date "2013.09.15"]
[Round "5"]
[White "Walsh, Paul"]
[Black "Hayes, Peter J."]
[Result "1/2-1/2"]
[WhiteElo "2127"]
[BlackElo "2022"]
[WhiteICU "2044"]
[BlackICU "1932"]
[WhiteClub "Sarsfield"]
[BlackClub "Gonzaga"]
[WhiteNationality "IRL"]
[BlackNationality "IRL"]
[WhiteFideId "2501260"]
[BlackFideId "2502569"]
[WhiteICUId "3820"]
[BlackICUId "4540"]
[PlyCount "52"]
[EventDate "2013.09.13"]
[Source "ICU web site"]
[URL "http://www.irlchess.com/cityofdublin2013_allfiles/games_cityofdublin2013/g51.htm"]

{ Event information: <a
href="http://www.irlchess.com/cityofdublin2013_allfiles/pairings_cityofdublin2013.html">Tournament
report</a>. }

1. c4 c6 2. Nf3 Nf6 3. e3 d5 4. b3 e6 5. Be2 Bd6 6. d4 Nbd7 7. Bb2 Ne4 8.
O-O O-O 9. Nbd2 f5 10. Ne5 g5 11. f3 Nxd2 12. Qxd2 Qf6 13. Nxd7 Bxd7 14. e4
Qh6 15. e5 Be7 16. b4 b5 17. cxb5 cxb5 18. Rac1 Rfc8 19. a3 Qf8 20. g3 Kh8
21. Rxc8 Rxc8 22. Rc1 Qd8 23. Rxc8 Qxc8 24. Qc1 Qd8 25. Qc3 Qb6 26. Bc1 Qc6
1/2-1/2